Neue Deutsche Literatur

Bibliographic Details
Format: Journal
Language:German
PhysicalDescription:zv. 25 cm
Published: Berlin Aufbau-Verlag 1946-2004
ISSN:0028-3150
Subjects:

MARC

LEADER 00000cas a2200000 a 4500
001 vtls008881985
003 SK-MaSNL
005 20260228162226.0
008 160627c19462004gw mr p r 0 0 b0geroc
022 |a 0028-3150 
035 |a (SVKBB03)vtls000107927 
040 |a SVKBB  |b slo  |c SVKBB  |d SNK  |e AACR2 
041 0 |a ger 
044 |a gw  |c DE 
072 7 |a 821.112.2  |x Nemecká literatúra, nemecky písaná  |2 konspekt 
080 |a 821.112.2  |2 2011 
080 |a (051)  |2 2011 
080 |a 050  |2 2011 
245 0 0 |a Neue Deutsche Literatur 
260 |a Berlin  |b Aufbau-Verlag  |c 1946-2004 
300 |a zv.  |c 25 cm 
310 |a 1x mesačne  |b 2004 
321 |a 6x ročne  |b 1994-2003 
321 |a 1x mesačne 
362 0 |a 1946-2004 
650 0 7 |a nemecká literatúra  |2 SNKPH  |9 1195 
655 7 |a časopisy  |2 SNKPH  |9 76610 
910 |a snk 
999 |c 7183  |d 9113 
952 |0 0  |1 0  |4 0  |7 0  |8 4  |a SNK  |b SNK  |d 2010-09-30  |i snkZK 2659/99  |l 0  |o snkČS 1275/41/1993/2  |p 17A0671724  |r 2026-02-21 19:55:11  |w 2026-02-21  |y PREZ 
952 |0 0  |1 0  |4 0  |7 0  |8 4  |a SNK  |b SNK  |d 2020-03-11  |i snkZK 557/78  |l 0  |o snkČC 1275/25/1977  |p 17A1315592  |r 2026-02-21 21:52:57  |t č. 8-12  |w 2026-02-21  |y PREZ